| 000 | 00376 a2200169 4500 | ||
|---|---|---|---|
| 001 | 175321 | ||
| 020 | _a85-16-00701-4 | ||
| 040 | _cMagnum | ||
| 100 | _aOlic, Nelson Bacic | ||
| 240 | 1 | 0 |
_aGeopolítica da américa latina _lpor |
| 245 | 1 | 0 | _aGeopolítica da américa latina |
| 300 | _a96 | ||
| 362 | 0 | _a1992 | |
| 440 | 1 | _aModerna | |
| 697 | _aMISCELÂNEA | ||
| 942 | _cBK | ||
| 999 |
_c175321 _d175321 |
||